Ariana Grande - Chansons commençant par S - Statistiques

Statistiques générales
  • Ce quiz a été pris 39 fois
  • Le résultat moyen est 5 sur 13
Statistiques - réponses
S % Correct
Side to Side
64%
Sometimes
64%
Safety Net
55%
Sweetener
55%
Successful
52%
Supernatural
45%
Shut Up
36%
Six Thirty
36%
Step on Up
33%
Saturn Returns Interlude
21%
Someone Like U
21%
Santa Baby
12%
Snow in California
9%
Aucun quiz correspondant
Distribution des résultats
% des personnes avec chaque résultat
Percentile par nombre de réponses
Votre historique - résultats
Vous n’avez pas pris ce quiz